Métodos de laboratorio químico: fundamentos de química

Uloženo v:
Podrobná bibliografie
Hlavní autoři: Brescia, Frank (Autor), Arents, John (Autor), Turk, Amos (Autor)
Další autoři: Meislich, Herbert (autor)
Médium: Kniha
Jazyk:španělština
Vydáno: Ciudad de México Compañía Editorial Continental 1970
Témata:
Tagy: Přidat tag
Žádné tagy, Buďte první, kdo vytvoří štítek k tomuto záznamu!

MARC

LEADER 00000nam a2200000 a 4500
001 UCZ1582
003 CL-VaPUC
008 950824e19700000MX |||||||||||||||||spa|d
082 0 4 |a 542.1  |b BRE  |2 21 
100 0 |a Brescia, Frank  |e author  |9 345181 
700 0 |a Arents, John  |e author  |9 345182 
700 |a Meislich, Herbert  |e autor  |9 536280 
700 0 |a Turk, Amos  |e author  |9 345184 
245 1 0 |a Métodos de laboratorio químico: fundamentos de química 
300 |a 348 p 
942 |c BK 
945 |d 19950824 00:00:00  |a awong 
260 |a Ciudad de México  |b Compañía Editorial Continental  |c 1970 
650 7 |a LABORATORIOS QUIMICOS  |2 CL-VaPUC  |9 336607 
650 7 |a QUIMICA EXPERIMENTAL  |2 CL-VaPUC  |9 343056 
650 7 |a EQUIPO DE LABORATORIO QUIMICO  |2 CL-VaPUC  |9 345185 
583 |a last modification  |c 19950824 00:00:00  |k Rodrigo Vera 
999 |c 238316  |d 238314 
952 |0 0  |1 0  |2 ddc  |4 0  |6 542_100000000000000_BRE_1970  |7 0  |8 A  |9 248425  |a BIBCUR  |b BIBCUR  |c PAC  |d 2019-11-18  |i 3128040  |o 542.1 BRE 1970  |p 3128040  |r 2025-04-22  |w 2019-11-18  |y BK  |k BCB